00696nam a2200169 a 450000100100000000500170001000800410002704000250006810000180009324500470011126000490015830000200020704900090022795201670023695201060040399900170050900003350120200930070313.0110830s1924 dr 000 0 spa d aDO-SdBNPbspacBNPHU1 aBaéz95902213aLa universidad de Santo Domingo /cBaéz. aSanto Domingo :bJ. R. vda. García,c1924. a60 p. ;c28 cm. aBNPD 001050718RVaPDbPDcCTd2011-08-30iLF1l0o p33501-10r2020-06-25w2020-06-25y1zPerteneció a la biblioteca personal de Julio Ortega Frier.ZNo se presta 00107-18PDaPDbPDcOId2011-08-30iLF1l0o p33502-10r2020-06-25w2020-06-25yLFPDZNo se presta c32992d32992